Neohlížej se - jde za námi kůň! /

Hlavní autor: Mahler, Zdeněk, 1963-
Jazyk: Čeština
Vydáno: Praha : Albatros, 1983
Vydání: 1.vyd.
Externí odkaz: Digitalizovaný dokument
Fyzický popis: 101 s. : il.
Knihy
Uloženo v:
LEADER 00952nam a22002532a 4500
001 000216560
003 CZ BrMZK
005 20110223153914.0
007 ta
008 010907s1983 xr a f cze d
015 |a cnb000001943 
035 |a (OCoLC)39593971 
040 |a BOA001  |b cze 
100 1 |a Mahler, Zdeněk,  |d 1963-  |7 xx0011210  |4 aut 
245 1 0 |a Neohlížej se - jde za námi kůň! /  |c Zdeněk Mahler ; ilustrace Stanislav Duda 
250 |a 1.vyd. 
260 |a Praha :  |b Albatros,  |c 1983 
300 |a 101 s. :  |b il. 
521 8 |a Pro děti od 7 let 
856 4 1 |u http://www.digitalniknihovna.cz/mzk/uuid/uuid:ccd67590-66ca-11e2-9d9f-005056827e52  |y Digitalizovaný dokument  |x NDK 
910 |a BOA001  |b PK-0095.684  |b 2-0861.696 
990 |a BK 
996 7 |b 2619385275  |c 2-0861.696  |l MZK  |r Sklad / do 1 hodiny  |n 1  |w 000216560  |u 000020  |a 1  |e BOA001  |j MZK50  |s A 
996 7 |b 3119905354  |c PK-0095.684  |l MZK  |r Sklad / do 1 hodiny  |n 7  |w 000216560  |u 000010  |a 1  |e BOA001  |j MZK50  |s A